000 02428cam a2200265 a 4500
005 20171003161406.0
008 930702s1993 njuabf b 001 0 eng
020 _a0691085692
040 _cDLC
_dDLC$dOrLoB
_aCO-BoIAVH
_dCO-BoIAVH
041 1 _aeng
_hpor
082 0 _a598.0981
_bS56b
100 1 _aSick, Helmut
_d1910-
_eautor
245 1 0 _aBirds in Brazil :
_ba natural history /
_cHelmut Sick ; ilustrado por Paul Barruel con placas a color por Paul Barruel y John P. O'Neill ; traducido del portugués por William Belton.
260 _aPrinceton, N.J. (EE.UU.) :
_bPrinceton University Press,
_cc1993.
300 _axvii, 703 páginas, [47] páginas de placas :
_bilustraciones (algunas a color) y mapas ;
_c29 x 23 cm.
500 _aTraducción de: Ornitologia brasileira.
504 _aIncluye referencias bibliográficas: páginas 643-649 e índices.
505 2 0 _tForeword (to the Brazilian edition) /
_rAristides Azevedo Pacheco Leao --
_tA Discrete Wise Man /
_rCarlos Drummond de Andrade --
_tExpressions of Appreciation --
_gCh. 1.
_tThe Country and Its Birds.
_g1.1.
_tMorphoclimatic Domains.
_g1.2.
_tTerrain Types and Their Avifauna.
_g1.3.
_tPrincipal Habitats of Brazilian Birds --
_gCh. 2.
_tA Short History of Ornithology in Brazil, from The Sixteenth Century to the Early Twentieth Century --
_gCh. 3.
_tConservation in Brazil.
_g3.1.
_tHistory of Conservation in Brazil.
_g3.2.
_tConservation Units.
_g3.3.
_tThe Minimal Critical Size of Ecosystems Projects.
_g3.4.
_tConservation Problems, Especially in Amazonia.
_g3.5.
_tAtlantic Forest and Calcareous Forest.
_g3.6.
_tReforestation, Faunal Dependence and Environmental Preservation.
_g3.7.
_tPollution: Birds as Bioindicators.
_g3.8.
_tIllegal Trade in Birds: New Perspectives.
_g3.9.
_tNew Orientation --
_gCh. 4.
_tBiogeography and Speciation /
_rJurgen Haffer --
_gCh. 5.
_tThe Birds.
_g5.1.
_tBirds of the Neotropics.
_g5.2.
_tFossil Birds /
_rHerculano Alvarenga.
_g5.3.
_tCategories of Brazilian Birds.
_g5.4.
_tPopulation Analyses and Biodiversity.
_g5.5.
_tSources.
_tIllustrated Guide to the Orders and Families of Brazilian Birds --
_gCh. 6.
_tFamily and Species Accounts.
650 2 6 _aAves
_xTaxonomía
_zBrasil
650 2 6 _aOrnitología
_zBrasil
650 0 _aAves
_xConservación
_zBrasil
710 2 0 _aInternational Council for Bird Preservation.
_bPan American Continental Section
710 2 0 _aCompanhia Vale do Rio Doce
942 _2ddc
_cLIBRO
999 _c3002
_d3002